Konštrukcia a parametre pohonných jednotiek osobných automobilov vyššej strednej triedy

Saved in:
Bibliographic Details
Main Author: Kubica, Adrian, 1987- (Author)
Other Authors: Kamenický, Milan, 1958- (Thesis advisor)
Format: Manuscript Book
Language:Slovak
Published: Bratislava : STU v Bratislave SjF, 2010
Subjects:
Online Access:VAIS
Tags: Add Tag
No Tags, Be the first to tag this record!

MARC

LEADER 00000ntm a22000003a 4500
001 stu210483
005 20150617230105.6
008 100907s2010----xo------------------slo-d
040 |a STU  |b slo 
041 0 |a slo 
044 |a xo 
100 1 |a Kubica, Adrian,  |d 1987-  |4 aut  |u J  |T SjF Strojnícka fakulta  |X 41000  |U J  |Y 20  |7 A000041000 
242 0 0 |a Design and parameters of driving units for upper middle class of cars.  |y eng 
245 1 |a Konštrukcia a parametre pohonných jednotiek osobných automobilov vyššej strednej triedy 
260 |a Bratislava :  |b STU v Bratislave SjF,  |c 2010 
650 7 |a rozdelenie  |2 stusub 
650 7 |a motory  |2 stusub 
650 7 |a parametre  |2 stusub 
700 1 |a Kamenický, Milan,  |d 1958-  |4 ths  |u J0030  |U SjF Strojnícka fakulta  |T SjF Ústav dopravnej techniky a konštruovania  |X 2441  |U J0030  |Y 806  |7 A000002441 
856 4 |a info a plný text  |u http://is.stuba.sk/zp/portal_zp.pl?podrobnosti=43233  |3 VAIS 
996 |b 284J038954  |c J*822/BP  |l JJSK  |s A  |a 24  |w stu210483_0001